000 00751nam a2200241Ia 4500
003 OSt
005 20220918182801.0
006 a|||||r|||| 00| 0
007 ta
008 220917b |||||||| |||| 00| 0 eng d
024 _a34,495
037 _cTextual
040 _aARTS
_cARTS
_beng
041 _2eng
_aeng
082 _aO111973,1x, K2 (EO)
100 _aWilliams Oscar ed
245 0 _aMentor Book of major American poets
_b from Edward Taylor and Walt Whitman to Hert Crane and W H Auden
260 _aNew York
_bMentor Books
_c1962
650 _aAMERICAN LITERATURE
700 _a Honig Edwin ed
_961226
942 _hO111973,1x, K2 (EO)
_cTEXL
_2CC
999 _c170383
_d170383